[Event "Jm KP I 23-24 Uni Brno B-Kurim A"]
[Site "?"]
[Date "2024.03.24"]
[Round "60.1"]
[White "Gajdos, Daniel"]
[Black "Majer, Jiri"]
[Result "1/2-1/2"]
[WhiteElo "2076"]
[BlackElo "2163"]
[PlyCount "57"]

1. Nf3 Nf6 2. g3 g6 3. b3 Bg7 4. Bb2 O-O 5. Bg2 d6 6. d4 c5 7. c4 a6 8. O-O Nc6
9. Nc3 cxd4 10. Nxd4 Bd7 11. Nc2 Rc8 12. Rc1 Qa5 13. a3 b5 14. b4 Qb6 15. Ne3
Ne5 16. c5 dxc5 17. Ncd5 Nxd5 18. Nxd5 Qd6 19. bxc5 Rxc5 20. Bxe5 Bxe5 21.
Nxe7+ Qxe7 22. Rxc5 Qxc5 23. Qxd7 Qxa3 24. Bd5 Qd6 25. Qxd6 Bxd6 26. Ra1 Rd8
27. e4 Kf8 28. Rxa6 f5 29. Ra8 1/2-1/2

[Event "Jm KP I 23-24 Uni Brno B-Kurim A"]
[Site "?"]
[Date "2024.03.24"]
[Round "60.2"]
[White "Nemec, David"]
[Black "Jelinek, Ota"]
[Result "1/2-1/2"]
[WhiteElo "2072"]
[BlackElo "2087"]
[PlyCount "64"]

1. e4 e6 2. d4 d5 3. Nd2 Nf6 4. e5 Nfd7 5. Bd3 b6 6. Ne2 Ba6 7. Bxa6 Nxa6 8.
O-O c5 9. c3 Be7 10. f4 g6 11. Nf3 Qc7 12. Kh1 O-O-O 13. Bd2 Kb7 14. Rc1 c4 15.
b4 b5 16. a4 Qc6 17. axb5 Qxb5 18. Ra1 Nc7 19. Ra5 Qb6 20. Qa4 a6 21. Ng5 Bxg5
22. fxg5 Rhf8 23. Rf3 Nb5 24. Qd1 Nb8 25. Qf1 Qc7 26. Qf2 Qe7 27. Ra1 Rd7 28.
Rh3 Rh8 29. Rh6 Qd8 30. Qh4 Qg8 31. Rf1 Nc6 32. Ra1 Kb6 1/2-1/2

[Event "Jm KP I 23-24 Uni Brno B-Kurim A"]
[Site "?"]
[Date "2024.03.24"]
[Round "60.3"]
[White "Moulis, Mojmir"]
[Black "Pavlik, Vladimir"]
[Result "1-0"]
[WhiteElo "2029"]
[BlackElo "2005"]
[PlyCount "109"]

1. e4 d6 2. d4 Nf6 3. Nc3 Nbd7 4. Nf3 e5 5. Bc4 Be7 6. O-O c6 7. a4 a5 8. Re1
O-O 9. h3 Qc7 10. Bg5 h6 11. Bh4 Re8 12. dxe5 dxe5 13. g4 g5 14. Bg3 Bb4 15.
Qd2 Nc5 16. Nxg5 Re7 17. Nxf7 Rxf7 18. Qxh6 Be6 19. Bxe6 Nxe6 20. g5 Bf8 21.
Qg6+ Bg7 22. gxf6 Rxf6 23. Qg4 Qf7 24. Re3 Rf8 25. Rf1 Rg6 26. Qd1 Nf4 27. Kh2
Bh6 28. Rf3 Qe6 29. Bxf4 Bxf4+ 30. Kh1 Rh6 31. Rg1+ Kf7 32. Qd3 Rfh8 33. Kg2
Rg6+ 34. Kf1 Rgh6 35. Ne2 Rxh3 36. Nxf4 exf4 37. Rxf4+ Ke8 38. Qd4 R3h7 39. Rf5
Rh5 40. Rgg5 Rh1+ 41. Ke2 Qd7 42. Qxd7+ Kxd7 43. Rg7+ Kd6 44. Rxb7 R8h4 45. f3
R4h2+ 46. Kd3 Rd1+ 47. Ke3 Rxc2 48. Rxa5 Re1+ 49. Kf4 Rf1 50. Rh7 Rxb2 51. e5+
Ke6 52. Rh6+ Kf7 53. Ra7+ Kg8 54. Rxc6 Rb4+ 55. Kg3 1-0

[Event "Jm KP I 23-24 Uni Brno B-Kurim A"]
[Site "?"]
[Date "2024.03.24"]
[Round "60.4"]
[White "Parak, Dominik"]
[Black "Bakos, Eduard"]
[Result "1/2-1/2"]
[WhiteElo "2052"]
[BlackElo "2057"]
[PlyCount "62"]

1. e4 e6 2. d4 d5 3. e5 c5 4. c3 Qb6 5. Nf3 Bd7 6. Be2 Bb5 7. O-O Nc6 8. dxc5
Bxc5 9. b4 Bxe2 10. Qxe2 Be7 11. Be3 Qc7 12. Nbd2 a6 13. Bf4 Bd8 14. Rac1 Nge7
15. Rfd1 Ng6 16. Bg3 O-O 17. a4 Rc8 18. Nb3 Be7 19. Qe3 Rfd8 20. Re1 Nf8 21.
Nfd4 Nxd4 22. Nxd4 Qd7 23. a5 Rc4 24. f4 Rdc8 25. Rf1 f5 26. Bf2 Qc7 27. Ne2
Nd7 28. Qd2 Nb8 29. Bb6 Qd7 30. Nd4 Nc6 31. Nb3 Nb8 1/2-1/2

[Event "Jm KP I 23-24 Uni Brno B-Kurim A"]
[Site "?"]
[Date "2024.03.24"]
[Round "60.5"]
[White "Hladik, Josef"]
[Black "Petricek, Lukas"]
[Result "1/2-1/2"]
[WhiteElo "1999"]
[BlackElo "2077"]
[PlyCount "61"]

1. d4 Nf6 2. Nf3 d5 3. e3 Bf5 4. c4 c6 5. Nc3 e6 6. Nh4 Bg4 7. Qb3 Qb6 8. h3
Bh5 9. g4 Bg6 10. Nxg6 hxg6 11. Bg2 Nbd7 12. c5 Qc7 13. f4 b6 14. cxb6 Qxb6 15.
Qxb6 axb6 16. Bd2 b5 17. g5 Nh5 18. Kf2 Bd6 19. a3 Nb6 20. Na2 Kd7 21. Nb4 Nc4
22. Bc3 Bxb4 23. axb4 f6 24. h4 Nd6 25. Ra5 Kc7 26. Rha1 Kb7 27. Rxa8 Rxa8 28.
Rxa8 Kxa8 29. Bh3 Nf5 30. Bxf5 gxf5 31. g6 1/2-1/2

[Event "Jm KP I 23-24 Uni Brno B-Kurim A"]
[Site "?"]
[Date "2024.03.24"]
[Round "60.6"]
[White "Habina, Martin"]
[Black "Riha, Otmar"]
[Result "1-0"]
[WhiteElo "2002"]
[BlackElo "1945"]
[PlyCount "65"]

1. e4 e5 2. f4 exf4 3. Nf3 h6 4. d4 g5 5. g3 fxg3 6. hxg3 Bg7 7. Be3 d6 8. Nc3
Bg4 9. Be2 Nc6 10. Rf1 Bh3 11. Rf2 Nf6 12. Ng1 Qd7 13. Qd2 a6 14. O-O-O Bg4 15.
Rdf1 Bxe2 16. Ngxe2 Qe7 17. Nd5 Nxe4 18. Qe1 Qd7 19. Rxf7 Qxf7 20. Rxf7 Kxf7
21. Nxc7 Rac8 22. Qf1+ Nf6 23. Nd5 Ne7 24. Nb6 Rc7 25. d5 Rf8 26. Nd4 Neg8 27.
Ne6 Re7 28. Nxf8 Rxe3 29. Ne6 Rxg3 30. Nc4 Kg6 31. Nxd6 Ne7 32. Nxg7 Kxg7 33.
Qe1 1-0

[Event "Jm KP I 23-24 Uni Brno B-Kurim A"]
[Site "?"]
[Date "2024.03.24"]
[Round "60.7"]
[White "Sebek, Jan"]
[Black "Krena, Bohuslav"]
[Result "1/2-1/2"]
[WhiteElo "1914"]
[BlackElo "1936"]
[PlyCount "30"]

1. e4 e6 2. d4 d5 3. Nd2 Nf6 4. e5 Nfd7 5. c3 c5 6. Nb3 Nc6 7. Be3 cxd4 8. cxd4
Be7 9. Bd3 a5 10. Qg4 g6 11. Ne2 a4 12. Nd2 a3 13. b3 Nb4 14. Bb1 b6 15. O-O
Ba6 1/2-1/2

[Event "Jm KP I 23-24 Uni Brno B-Kurim A"]
[Site "?"]
[Date "2024.03.24"]
[Round "60.8"]
[White "Horak, Bronislav"]
[Black "Tvrdy, Radovan"]
[Result "0-1"]
[WhiteElo "1936"]
[BlackElo "1818"]
[PlyCount "66"]

1. e4 Nf6 2. e5 Nd5 3. d4 d6 4. c4 Nb6 5. exd6 cxd6 6. Nc3 g6 7. Be3 Bg7 8. Bd3
O-O 9. Nge2 Nc6 10. Rc1 Nb4 11. b3 Nxd3+ 12. Qxd3 e5 13. O-O f5 14. dxe5 dxe5
15. Qc2 Be6 16. Rfd1 Qh4 17. Rd6 Rae8 18. Bxb6 axb6 19. Rcd1 f4 20. f3 g5 21.
Qd3 g4 22. Rxb6 gxf3 23. Qxf3 Bg4 24. Qf2 Qh5 25. Rd5 Qf7 26. Ne4 f3 27. N2g3
Qc7 28. gxf3 Bxf3 29. Qc5 Qf7 30. Qf2 Qf4 31. Nd6 Bxd5 32. Qxf4 exf4 33. Nxe8
Bd4+ 0-1

[Event "Jm KP I 23-24 Kurim A-Loko Brno A"]
[Site "Kurim"]
[Date "2024.04.14"]
[Round "61.1"]
[White "Tajovsky, Martin"]
[Black "Kratochvil, Josef"]
[Result "0-1"]
[WhiteElo "2222"]
[BlackElo "2233"]
[PlyCount "86"]

1. d4 Nf6 2. Nf3 c5 3. e3 d5 4. c4 cxd4 5. exd4 Nc6 6. Nc3 Bg4 7. cxd5 Nxd5 8.
Bc4 e6 9. Be3 Be7 10. h3 Nxe3 11. fxe3 Bh4+ 12. Kf1 Bh5 13. g4 Bg6 14. Nxh4
Qxh4 15. Qf3 O-O 16. Kg2 Rac8 17. Be2 f5 18. Qg3 Qe7 19. Rhf1 Kh8 20. Rae1 Nb4
21. Bf3 Nc2 22. Kf2 Nxe3 23. Kxe3 f4+ 24. Qxf4 Rxf4 25. Kxf4 e5+ 26. dxe5 Qb4+
27. Ne4 Qxb2 28. Rd1 Rf8+ 29. Kg3 h6 30. Rf2 Rxf3+ 31. Kxf3 Bxe4+ 32. Kxe4 Qxf2
33. e6 Qf6 34. Rd6 Kg8 35. Kd5 Kf8 36. Rd7 Qf3+ 37. Kd6 Qc6+ 38. Ke5 Qc5+ 39.
Ke4 Qc4+ 40. Ke5 Qxa2 41. Rxb7 Qe2+ 42. Kd6 Qa6+ 43. Kc7 Ke7 0-1

[Event "Jm KP I 23-24 Kurim A-Loko Brno A"]
[Site "Kurim"]
[Date "2024.04.14"]
[Round "61.2"]
[White "Jires, Jiri"]
[Black "Majer, Jiri"]
[Result "1/2-1/2"]
[WhiteElo "2151"]
[BlackElo "2147"]
[PlyCount "83"]

1. e4 Nf6 2. e5 Nd5 3. c4 Nb6 4. d4 d6 5. exd6 exd6 6. Nf3 Be7 7. h3 Bf5 8. Nc3
O-O 9. Be2 N8d7 10. g4 Bg6 11. h4 h6 12. Be3 Nf6 13. h5 Bh7 14. Rg1 Ne4 15.
Nxe4 Bxe4 16. Qc1 Bxf3 17. Bxf3 Bg5 18. Bxg5 hxg5 19. Bxb7 Re8+ 20. Kf1 Rb8 21.
Bc6 Re6 22. Bd5 Nxd5 23. cxd5 Re4 24. Qd2 Qf6 25. Rd1 Rbe8 26. Rg3 Rf4 27. Re1
Rxe1+ 28. Kxe1 Rxd4 29. Qe3 a5 30. Rf3 Qe5 31. Qxe5 dxe5 32. Rc3 Rxd5 33. Rxc7
Rd4 34. Rc8+ Kh7 35. f3 e4 36. Ke2 exf3+ 37. Kxf3 Rd2 38. Ra8 Rxb2 39. Rxa5 g6
40. hxg6+ Kxg6 41. Ra6+ f6 42. Ra5 1/2-1/2

[Event "Jm KP I 23-24 Kurim A-Loko Brno A"]
[Site "Kurim"]
[Date "2024.04.14"]
[Round "61.3"]
[White "Nemec, David"]
[Black "Volak, Simon"]
[Result "1/2-1/2"]
[WhiteElo "2079"]
[BlackElo "2123"]
[PlyCount "48"]

1. e4 c6 2. d4 d5 3. exd5 cxd5 4. c4 Nf6 5. Nc3 Nc6 6. Bg5 Ne4 7. Nxe4 dxe4 8.
d5 Ne5 9. Qd4 Ng4 10. c5 e5 11. Qa4+ Bd7 12. c6 Qxg5 13. cxd7+ Kd8 14. Qxe4 Qg6
15. Qc4 Qb6 16. Qxg4 Qxb2 17. Qg5+ Kxd7 18. Rc1 Bb4+ 19. Kd1 Qd4+ 20. Ke2 Rac8
21. Qf5+ Ke7 22. Rxc8 Rxc8 23. Qxc8 Qd2+ 24. Kf3 Qf4+ 1/2-1/2

[Event "Jm KP I 23-24 Kurim A-Loko Brno A"]
[Site "Kurim"]
[Date "2024.04.14"]
[Round "61.4"]
[White "Meduna, Eduard"]
[Black "Pavlik, Vladimir"]
[Result "1-0"]
[WhiteElo "2090"]
[BlackElo "1983"]
[PlyCount "103"]

1. e4 c5 2. Nf3 Nc6 3. d4 cxd4 4. Nxd4 g6 5. c4 Bg7 6. Be3 Nf6 7. Nc3 Ng4 8.
Qxg4 Nxd4 9. Qd1 e5 10. Be2 O-O 11. O-O d6 12. Rc1 Be6 13. Kh1 Rc8 14. b3 a6
15. Qd2 f5 16. f3 Nxe2 17. Nxe2 f4 18. Bg1 Qe7 19. Rfd1 Rfd8 20. Qb4 g5 21. Nc3
g4 22. Nd5 Qf7 23. Qe1 Bf6 24. Rc3 Bg5 25. Rcd3 Qh5 26. fxg4 Bxg4 27. R1d2 f3
28. Be3 Rf8 29. Bxg5 Qxg5 30. Rf2 Qh4 31. g3 Qg5 32. Qe3 Qg7 33. Qb6 Rc6 34.
Qb4 b5 35. Ne3 Bh3 36. Rxd6 Rxd6 37. Qxd6 Qg5 38. Qd5+ Kh8 39. Nf1 Rd8 40. Qc5
bxc4 41. Rxf3 cxb3 42. axb3 Rd1 43. Kg1 Rc1 44. Qf8+ Qg8 45. Qd6 Qg5 46. Qf8+
Qg8 47. Qe7 Rc8 48. Rf7 Qg6 49. Qxe5+ Kg8 50. Rf6 Qg4 51. Qd5+ Kg7 52. Rf5 1-0

[Event "Jm KP I 23-24 Kurim A-Loko Brno A"]
[Site "Kurim"]
[Date "2024.04.14"]
[Round "61.5"]
[White "Parak, Dominik"]
[Black "Cermak, Jan"]
[Result "1/2-1/2"]
[WhiteElo "2063"]
[BlackElo "2021"]
[PlyCount "106"]

1. e4 c6 2. d4 d5 3. e5 Bf5 4. Nf3 e6 5. Bd3 Bxd3 6. Qxd3 Qa5+ 7. c3 Qa6 8. Qe2
c5 9. dxc5 Bxc5 10. b4 Qxe2+ 11. Kxe2 Bb6 12. a4 Nc6 13. Bf4 Nge7 14. Re1 h5
15. h3 h4 16. Kf1 Ng6 17. Bh2 a5 18. b5 Nb8 19. Nbd2 Nd7 20. c4 dxc4 21. Nxc4
Bc5 22. Nd6+ Bxd6 23. exd6 Rh5 24. Rac1 Rc5 25. Rxc5 Nxc5 26. Rc1 Nxa4 27. Rc7
b6 28. Ng5 Nc5 29. Nxf7 a4 30. Ne5 Nxe5 31. Bxe5 Nd7 32. Bxg7 a3 33. Ba1 a2 34.
Ke2 Nc5 35. Re7+ Kf8 36. Rh7 Ra3 37. d7 Rd3 38. Rh8+ Ke7 39. Rh7+ Kf8 40. Rh8+
Ke7 41. Ra8 Rxd7 42. Rxa2 Nb3 43. Ra4 Nxa1 44. Rxa1 Rd5 45. Rb1 Kf6 46. Rb4 Kg5
47. g4 hxg3 48. fxg3 Rc5 49. Kd3 Kh5 50. Kd4 Kg5 51. Rb3 Kf5 52. Rf3+ Kg5 53.
Rb3 Kf5 1/2-1/2

[Event "Jm KP I 23-24 Kurim A-Loko Brno A"]
[Site "Kurim"]
[Date "2024.04.16"]
[Round "61.6"]
[White "Straka, Vojtech"]
[Black "Petricek, Lukas"]
[Result "1/2-1/2"]
[WhiteElo "2005"]
[BlackElo "2068"]
[PlyCount "82"]

1. c4 e6 2. Nc3 d5 3. cxd5 exd5 4. d4 Nf6 5. g3 c6 6. Bg2 Bd6 7. Nf3 O-O 8. O-O
h6 9. Nd2 Qb6 10. Qa4 Bf5 11. e4 dxe4 12. Ndxe4 Nxe4 13. Nxe4 Bxe4 14. Bxe4 Nd7
15. Be3 Nf6 16. Bf3 Qb4 17. Qc2 Rad8 18. Qf5 Be7 19. b3 Qd6 20. Rad1 Nd5 21.
Be4 g6 22. Qf3 Kh7 23. Rfe1 Nxe3 24. fxe3 f5 25. Bb1 Bf6 26. g4 f4 27. Kg2 Bh4
28. Rf1 fxe3 29. Qxe3 Rde8 30. Qd3 Qe6 31. Kh3 Rxf1 32. Rxf1 Bg5 33. Re1 Be3
34. Qc4 Kg7 35. Qxe6 Rxe6 36. Bd3 Kf6 37. Bc4 Re7 38. Rf1+ Kg5 39. Kg3 h5 40.
h4+ Kh6 41. d5 cxd5 1/2-1/2

[Event "Jm KP I 23-24 Kurim A-Loko Brno A"]
[Site "Kurim"]
[Date "2024.04.14"]
[Round "61.7"]
[White "Habina, Martin"]
[Black "Dvoracek, Jan Matyas"]
[Result "1/2-1/2"]
[WhiteElo "2010"]
[BlackElo "1971"]
[PlyCount "125"]

1. e4 d6 2. d4 Nf6 3. Nc3 g6 4. Bg5 Bg7 5. Qd2 a6 6. Bh6 O-O 7. Bd3 Nc6 8. Bxg7
Kxg7 9. Nge2 e5 10. d5 Nd4 11. Nxd4 exd4 12. Ne2 Qe7 13. f3 Bd7 14. O-O c5 15.
dxc6 Bxc6 16. Nxd4 d5 17. exd5 Bxd5 18. Rfe1 Qc5 19. c3 Rfe8 20. a3 Qb6 21. Qf2
Qd6 22. Rxe8 Rxe8 23. Re1 Rxe1+ 24. Qxe1 Qf4 25. Nc2 Bc6 26. Qe3 Nd5 27. Qd4+
Qxd4+ 28. Nxd4 Bd7 29. Kf2 Nb6 30. b3 Kf6 31. Be4 Bc8 32. Ke3 Ke5 33. f4+ Kd6
34. c4 Nd7 35. h3 Nf6 36. Bc2 b6 37. Nf3 Bb7 38. g4 Bxf3 39. Kxf3 Kc5 40. Ke3
b5 41. Bd3 Ne8 42. cxb5 axb5 43. a4 bxa4 44. bxa4 Kb4 45. Bc2 Kc4 46. Ke4 f6
47. h4 Nd6+ 48. Ke3 Kc3 49. Bd3 Nb7 50. Be2 h6 51. Bd3 g5 52. hxg5 hxg5 53.
fxg5 fxg5 54. Be2 Kb4 55. Bd1 Nd6 56. Kd4 Nc4 57. Be2 Nd6 58. Ke5 Nf7+ 59. Kf6
Nh6 60. Bb5 Nxg4+ 61. Kxg5 Ne5 62. Kf5 Nc4 63. Bxc4 1/2-1/2

[Event "Jm KP I 23-24 Kurim A-Loko Brno A"]
[Site "Kurim"]
[Date "2024.04.14"]
[Round "61.8"]
[White "Wunsch, Radek"]
[Black "Pokorny, Petr"]
[Result "1/2-1/2"]
[WhiteElo "1951"]
[BlackElo "2145"]
[PlyCount "94"]

1. e4 e5 2. Nf3 Nc6 3. Bb5 a6 4. Ba4 Nf6 5. O-O Nxe4 6. Re1 Nc5 7. Nxe5 Nxe5 8.
Rxe5+ Be7 9. Nc3 O-O 10. Bb3 Nxb3 11. axb3 c6 12. d4 d5 13. Re1 Bd6 14. Ne2 Qh4
15. g3 Qf6 16. Bf4 Bg4 17. Bxd6 Qxd6 18. Qd2 Rae8 19. Qf4 Qg6 20. Qd2 Bf3 21.
Nf4 Qf5 22. Rxe8 Rxe8 23. Re1 Re4 24. Re3 Rxe3 25. Qxe3 Qe4 26. b4 g5 27. Nd3
Qxe3 28. fxe3 Be4 29. Ne1 f6 30. Kf2 Kf7 31. c3 Ke6 32. Nf3 Bxf3 33. Kxf3 f5
34. Ke2 g4 35. Kd3 Kd6 36. Kc2 Kd7 37. Kb3 Kc7 38. Ka3 Kb6 39. Ka4 Ka7 40. Ka3
Kb6 41. Ka4 h6 42. b3 Ka7 43. Ka3 Kb8 44. Ka4 Ka8 45. Ka3 Ka7 46. Ka4 b5+ 47.
Ka3 Kb6 1/2-1/2

[Event "Jm KP I 23-24 Kurim B - Universita B"]
[Site "Kurim"]
[Date "2024.04.14"]
[Round "62.1"]
[White "Soucek, Andrej"]
[Black "Gajdos, Daniel"]
[Result "0-1"]
[WhiteElo "1921"]
[BlackElo "2093"]
[PlyCount "50"]

1. d4 Nf6 2. Bg5 d5 3. e3 c5 4. Bxf6 gxf6 5. dxc5 e6 6. c4 dxc4 7. Qc2 Qa5+ 8.
Nc3 Bxc5 9. Bxc4 Nc6 10. a3 Bd7 11. Rd1 Be7 12. Nf3 a6 13. O-O Rd8 14. Ba2 O-O
15. Nd5 exd5 16. Rxd5 Nb4 17. Qc3 Bb5 18. Rh5 Nc6 19. Qc1 Ne5 20. e4 Nxf3+ 21.
gxf3 Qd2 22. Qc7 Bd6 23. Bxf7+ Kg7 24. Qxb7 Rd7 25. Qd5 Bxh2+ 0-1

[Event "Jm KP I 23-24 Kurim B - Universita B"]
[Site "Kurim"]
[Date "2024.04.14"]
[Round "62.2"]
[White "Ibrahim, Emad Eldin"]
[Black "Dumkova, Daniela"]
[Result "1-0"]
[WhiteElo "2012"]
[BlackElo "1936"]
[PlyCount "87"]

1. e4 c5 2. Nc3 d6 3. f4 a6 4. Nf3 Nf6 5. a4 e6 6. g3 Qa5 7. Bg2 b5 8. e5 Nfd7
9. Ng5 Ra7 10. exd6 Bxd6 11. Nce4 Be7 12. Qh5 Bxg5 13. Nd6+ Ke7 14. Nxc8+ Rxc8
15. Qxg5+ Kf8 16. b3 h6 17. Qh4 Nf6 18. Bb2 Nbd7 19. g4 e5 20. g5 hxg5 21. fxg5
Ng8 22. Bh3 Re8 23. Qe4 Qc7 24. O-O f6 25. Rf2 b4 26. Re1 Qb7 27. Qe3 Qd5 28.
Bg2 Qd6 29. Ref1 Re7 30. Be4 Nb6 31. Qf3 c4 32. a5 Nd7 33. bxc4 Nc5 34. Bd5 Ne6
35. Bxe6 Qxe6 36. Qe4 Rac7 37. d3 Rc5 38. c3 b3 39. Ba3 Rxa5 40. Bb4 Ra4 41.
Bxe7+ Kxe7 42. Qb7+ Qd7 43. Qxb3 Ra5 44. Qb4+ 1-0

[Event "Jm KP I 23-24 Kurim B - Universita B"]
[Site "Kurim"]
[Date "2024.04.14"]
[Round "62.3"]
[White "Bocek, Tadeas"]
[Black "Bakos, Eduard"]
[Result "0-1"]
[WhiteElo "1904"]
[BlackElo "2066"]
[PlyCount "128"]

1. d4 Nf6 2. Nf3 g6 3. c4 Bg7 4. Nc3 d6 5. Bg5 Nbd7 6. e3 c5 7. Be2 Qa5 8. O-O
O-O 9. Bh4 Re8 10. Qc2 a6 11. Rfd1 Rb8 12. a4 cxd4 13. exd4 Nf8 14. h3 Bf5 15.
Bd3 Bxd3 16. Rxd3 Rbc8 17. b3 b5 18. b4 Qxb4 19. Rb1 Qxc4 20. Nd2 Qc6 21. axb5
axb5 22. Qb3 Rb8 23. d5 Qc5 24. Qb4 Rec8 25. Bxf6 Qxb4 26. Rxb4 Bxf6 27. Nde4
Nd7 28. Rxb5 Bxc3 29. Rxb8 Nxb8 30. Nxc3 Kg7 31. Kf1 Na6 32. Re3 Nb4 33. Re4
Rxc3 34. Rxb4 Rc5 35. Rd4 Kf6 36. f4 Rc2 37. Kg1 h5 38. Kh2 h4 39. Kg1 Kf5 40.
Kf1 Rb2 41. Ra4 Rd2 42. Ra7 Kf6 43. Ra5 Rd4 44. Ke2 Rxf4 45. Ke3 Rf1 46. Ke2
Rg1 47. Kf2 Rd1 48. Ke2 Rd4 49. Ke3 Ke5 50. Ra7 Re4+ 51. Kf3 Rf4+ 52. Ke3 Rf5
53. Rxe7+ Kxd5 54. Rd7 g5 55. Ra7 Ke6 56. Ra6 Rb5 57. Ra8 Rb3+ 58. Kf2 Ke5 59.
Re8+ Kf4 60. Rd8 Rb2+ 61. Kf1 Rd2 62. Ke1 Rxg2 63. Rxd6 f5 64. Rd4+ Ke3 0-1

[Event "Jm KP I 23-24 Kurim B - Universita B"]
[Site "Kurim"]
[Date "2024.04.14"]
[Round "62.4"]
[White "Hladik, Josef"]
[Black "Pesl, Jan"]
[Result "1-0"]
[WhiteElo "2004"]
[BlackElo "1852"]
[PlyCount "53"]

1. d4 Nf6 2. Nf3 g6 3. Nc3 d5 4. Bf4 c6 5. e3 Bg7 6. Be2 O-O 7. Ne5 Nbd7 8. h4
Nxe5 9. Bxe5 h5 10. Bxf6 exf6 11. g4 Bxg4 12. Bxg4 hxg4 13. Qxg4 f5 14. Qg3 Re8
15. O-O-O b5 16. Rdg1 b4 17. Ne2 Bh6 18. Nf4 Re4 19. Nd3 Rxd4 20. f4 Re4 21. h5
Bg7 22. hxg6 f6 23. Rh7 Qb6 24. Re1 Rae8 25. Qh3 R4e7 26. Kb1 d4 27. Rh1 1-0

[Event "Jm KP I 23-24 Kurim B - Universita B"]
[Site "Kurim"]
[Date "2024.04.14"]
[Round "62.5"]
[White "Bauer, Miroslav"]
[Black "Uhmann, Jan"]
[Result "0-1"]
[WhiteElo "1826"]
[BlackElo "1964"]
[PlyCount "42"]

1. e4 e5 2. Nf3 Nc6 3. d4 exd4 4. Nxd4 Nf6 5. Nc3 Bb4 6. Nxc6 bxc6 7. Bd3 d5 8.
exd5 cxd5 9. O-O O-O 10. Bg5 Bb7 11. f4 Qd6 12. Nb5 Qb6+ 13. Kh1 a6 14. Nd4
Rae8 15. Nf5 Ne4 16. Qh5 g6 17. Nh6+ Kh8 18. Qh3 Bc8 19. f5 Nxg5 20. Qh4 Be7
21. fxg6 fxg6 0-1

[Event "Jm KP I 23-24 Kurim B - Universita B"]
[Site "Kurim"]
[Date "2024.04.14"]
[Round "62.6"]
[White "Sebek, Jan"]
[Black "Krupica, Pavel"]
[Result "0-1"]
[WhiteElo "1916"]
[BlackElo "1890"]
[PlyCount "70"]

1. e4 c5 2. Nc3 Nc6 3. g3 d6 4. Bg2 Nf6 5. d3 e6 6. f4 Be7 7. Nf3 Rb8 8. O-O b5
9. e5 dxe5 10. fxe5 Nd5 11. Ne4 O-O 12. a3 Qc7 13. c4 bxc4 14. dxc4 Nb6 15. Qc2
Nxe5 16. Bf4 Nxf3+ 17. Bxf3 e5 18. Be3 f5 19. Nc3 e4 20. Be2 Be6 21. Bf4 Qc6
22. Bxb8 Rxb8 23. b3 Bf6 24. Rad1 a6 25. Qc1 Nc8 26. Qc2 Ne7 27. b4 cxb4 28.
axb4 Bxc4 29. Na2 Qb6+ 30. Kg2 Be6 31. Bc4 g6 32. Bxe6+ Qxe6 33. Rf2 Nd5 34.
Rfd2 Ne3+ 35. Kh3 f4+ 0-1

[Event "Jm KP I 23-24 Kurim B - Universita B"]
[Site "Kurim"]
[Date "2024.04.14"]
[Round "62.7"]
[White "Lastovicka, Frantisek"]
[Black "Zerdaloglu, Vasilis"]
[Result "0-1"]
[WhiteElo "1812"]
[BlackElo "1766"]
[PlyCount "90"]

1. e4 e5 2. Nf3 Nf6 3. Nxe5 d6 4. Nf3 Nxe4 5. d3 Nf6 6. Bg5 h6 7. Bh4 Be7 8.
Nc3 Nc6 9. Qe2 Bg4 10. O-O-O Nd4 11. Qe3 Nf5 12. Qe1 Nxh4 13. Nxh4 Bxd1 14.
Kxd1 O-O 15. Nf5 Re8 16. f3 Bf8 17. Qf2 g6 18. Nd4 c5 19. Nde2 d5 20. g4 Qb6
21. Kc1 Qe6 22. Qg3 d4 23. Nb5 Nd5 24. f4 Qe3+ 25. Qxe3 Rxe3 26. f5 a6 27. Na3
b5 28. Kd2 Rae8 29. c4 Nb4 30. Nc1 Rf3 31. fxg6 Rf2+ 32. Be2 fxg6 33. Ke1 Nxd3+
34. Nxd3 Rexe2+ 35. Kd1 Rd2+ 36. Ke1 Rfe2+ 37. Kf1 Re3 38. Ne1 Rxb2 39. Nac2
Rc3 40. cxb5 axb5 41. a3 Rbxc2 42. Nxc2 Rxc2 43. h3 Rc1+ 44. Kg2 Rxh1 45. Kxh1
c4 0-1

[Event "Jm KP I 23-24 Kurim B - Universita B"]
[Site "Kurim"]
[Date "2024.04.14"]
[Round "62.8"]
[White "Tvrdy, Radovan"]
[Black "Hronek, Ondrej"]
[Result "1/2-1/2"]
[WhiteElo "1844"]
[BlackElo "1761"]
[PlyCount "94"]

1. e4 c5 2. Nf3 Nc6 3. c3 d5 4. exd5 Qxd5 5. Na3 Bg4 6. Be2 Nf6 7. Nc2 Bh5 8.
O-O e6 9. d4 Be7 10. Bf4 O-O 11. dxc5 Bxc5 12. Be3 Bxe3 13. Nxe3 Qxd1 14. Rfxd1
Rfd8 15. Kf1 Kf8 16. h3 h6 17. a3 Ke7 18. Ke1 Bg6 19. Rac1 Na5 20. Ne5 Be4 21.
f3 Bh7 22. Rxd8 Rxd8 23. Rd1 Rxd1+ 24. Bxd1 Nd7 25. Nxd7 Kxd7 26. Kd2 b6 27. c4
f6 28. Kc3 Kd6 29. b4 Nb7 30. Be2 g5 31. g3 h5 32. h4 Ke5 33. Ng2 Bf5 34. f4+
gxf4 35. Nxf4 Bg4 36. Bd3 f5 37. Bc2 Nd6 38. c5 bxc5 39. Nd3+ Kd5 40. Nf4+ Ke5
41. bxc5 Ne4+ 42. Bxe4 fxe4 43. Kc4 Bf3 44. a4 a6 45. a5 Bg4 46. Ng6+ Kf6 47.
Nf4 Ke5 1/2-1/2

[Event "Jm KP I 23-24 Hodonin-Lipovec"]
[Site "Sportklub Hodonin"]
[Date "2024.04.14"]
[Round "63.1"]
[White "Havelka, Ondrej"]
[Black "Pernicova, Tana"]
[Result "1-0"]
[WhiteElo "2185"]
[BlackElo "2032"]
[PlyCount "73"]

{255MB} 1. e4 1... c5 2. Nc3 e6 3. g3 a6 4. Bg2 Nc6 5. f4 d6 6. Nf3 g6 7. O-O
Bg7 8. d3 Nge7 9. g4 h5 10. g5 h4 11. h3 Nd4 12. Nh2 b5 13. Ng4 Bb7 14. Rf2 b4
15. Nb1 d5 16. c3 Nb5 17. Nf6+ Bxf6 18. gxf6 Ng8 19. f5 exf5 20. exf5 Qxf6 21.
Qe1+ Kf8 22. Be3 Rc8 23. cxb4 d4 24. Bxb7 Re8 25. Be4 dxe3 26. Qxe3 gxf5 27.
Qxc5+ Qd6 28. Qxf5 Nh6 29. Qf4 Qxb4 30. Nc3 Nxc3 31. bxc3 Qxc3 32. Qd6+ Re7 33.
Rb1 Rg8+ 34. Kh1 Rg3 35. Qxh6+ Ke8 36. Rb8+ Kd7 37. Rb7+ 1-0

[Event "Jm KP I 23-24 Hodonin-Lipovec"]
[Site "Sportklub Hodonin"]
[Date "2024.04.14"]
[Round "63.2"]
[White "Pokladnik, Martin"]
[Black "Pesak, Roman"]
[Result "1-0"]
[WhiteElo "2045"]
[BlackElo "1944"]
[PlyCount "63"]

{255MB} 1. e4 1... e5 2. Nf3 Nc6 3. Bb5 a6 4. Ba4 d6 5. c3 Bd7 6. d4 exd4 7.
cxd4 h6 8. O-O Be7 9. e5 d5 10. Re1 b5 11. Bc2 Bb4 12. Bd2 Bxd2 13. Nbxd2 Nge7
14. Rc1 O-O 15. Nb3 Re8 16. Nh4 Qc8 17. Re3 Nd8 18. Qd3 g6 19. Rg3 Kh7 20. Qf3
Rg8 21. Qf6 Nf5 22. Nxf5 Bxf5 23. Bxf5 Qxf5 24. Qxf5 gxf5 25. Rxc7 Rxg3 26.
hxg3 Kg7 27. Nc5 a5 28. Kf1 Rb8 29. e6 Kg8 30. e7 Ne6 31. Rd7 Re8 32. Nb7 1-0

[Event "Jm KP I 23-24 Hodonin-Lipovec"]
[Site "Sportklub Hodonin"]
[Date "2024.04.14"]
[Round "63.3"]
[White "Provaznik, Michal"]
[Black "Balaz, Frantisek"]
[Result "1/2-1/2"]
[WhiteElo "2085"]
[BlackElo "1927"]
[PlyCount "65"]

{255MB} 1. e4 1... g6 2. d4 Bg7 3. Nf3 d6 4. Bc4 Nf6 5. e5 dxe5 6. Nxe5 O-O 7.
O-O b6 8. a4 Bb7 9. Nc3 Nc6 10. Nxc6 Bxc6 11. d5 Bb7 12. a5 a6 13. axb6 cxb6
14. Bb3 Qd6 15. Qf3 e5 16. Rd1 Rad8 17. Bg5 Rd7 18. Bxf6 Qxf6 19. Qh3 Rfd8 20.
Rd3 b5 21. Rad1 Qf5 22. g4 Qf4 23. Qg2 Qb4 24. Re1 a5 25. Re4 Qc5 26. g5 a4 27.
Ba2 b4 28. Rc4 Qa5 29. Ne4 Bxd5 30. Rc5 Bxe4 31. Rxa5 Bxg2 32. Rxd7 Rxd7 33.
Kxg2 1/2-1/2

[Event "Jm KP I 23-24 Hodonin-Lipovec"]
[Site "Sportklub Hodonin"]
[Date "2024.04.14"]
[Round "63.4"]
[White "Krejci, Petr"]
[Black "Kladnak, Martin"]
[Result "1/2-1/2"]
[WhiteElo "1919"]
[BlackElo "2058"]
[PlyCount "21"]

{255MB} 1. e4 1... e5 2. Nf3 Nc6 3. Bb5 Nge7 4. Nc3 g6 5. d4 exd4 6. Nd5 Bg7 7.
Bg5 h6 8. Bf6 Bxf6 9. Nxf6+ Kf8 10. Nxd4 Kg7 11. Ng4 1/2-1/2

[Event "Jm KP I 23-24 Hodonin-Lipovec"]
[Site "Sportklub Hodonin"]
[Date "2024.04.14"]
[Round "63.5"]
[White "Travnicek, Petr"]
[Black "Sekanina, Jiri"]
[Result "1-0"]
[WhiteElo "2076"]
[BlackElo "1996"]
[PlyCount "57"]

{255MB} 1. d4 1... Nf6 2. c4 g6 3. Nc3 Bg7 4. e4 d6 5. f3 O-O 6. Be3 c5 7. dxc5
dxc5 8. Qxd8 Rxd8 9. Bxc5 Nc6 10. Ba3 a5 11. Rd1 Rxd1+ 12. Kxd1 Be6 13. Nd5
Bxd5 14. cxd5 {[%emt 0:00:05]} 14... Nb4 15. Bxb4 axb4 16. Bc4 Nd7 17. Ne2 Nc5
18. Kc2 b5 19. Bxb5 Rxa2 20. Rb1 b3+ 21. Kc1 Bh6+ 22. Kd1 Bg7 23. Rc1 Na4 24.
Rc8+ Bf8 25. Bxa4 Rxa4 26. Rb8 Ra1+ 27. Kd2 f6 28. Rxb3 Kf7 29. Rb7 1-0